| 000 | 00772cam a2200277 4500 | ||
|---|---|---|---|
| 001 | M84222 | ||
| 008 | 090401t1997 xxu||||| |||| 00| 0 eng d | ||
| 035 | _a(Sirsi) u78615 | ||
| 041 | _aeng | ||
| 050 | _a333.335 | ||
| 110 |
_aSavills _92020 |
||
| 245 | _aAgricultural performance analysis 1996. | ||
| 260 |
_aLondon _bSavills _c1997 |
||
| 300 | _a1 folded sheet ; 30cm. | ||
| 350 | _a0 | ||
| 650 | _aPROPERTY-RURAL AND NATURAL ASSETS-AGRICULTURAL PROPERTY-AGRICULTURAL LAND | ||
| 650 | _aCAPITAL VALUES | ||
| 650 | _aFARM RENTS | ||
| 650 | _aFARMLAND | ||
| 650 | _aINVESTMENT | ||
| 650 | _aSAVILLS-IPD AGRICULTURAL PERFORMANCE ANALYSIS | ||
| 690 | _aRURAL PRACTICE | ||
| 710 |
_aInvestment Property Databank _92288 |
||
| 942 | _n0 | ||
| 948 | _c28/05/1997 | ||
| 999 |
_c96465 _d96465 |
||